00900nam a22002171 450000100060000000300080000600500170001400800410003103500190007204000350009104100080012608200220013410000370015624502720019325000120046526000350047730000570051250000550056950400310062465100270065527231BD-RjUL20211209051129.0140324s1966 ii ab b 000 0 eng d a(BD-RjUL)27303 aBD-RjULbengcBD-RjULdBD-RjUL aeng a954.16bACH 19661 aAcharyya, N. N.q(Nagendra Nath)14aThe history of medieval Assam, from the thirteenth to the seventeenth century :ba critical and comprehensive history of Assam during the first four centuries of Ahom rule, based on original Assamese sources, available both in India and England /c[by] N. N. Acharyya a1st ed. aGauhati :bDutta Baruah,c1966 axiv, 308 p :billus., map (on lining paper) ;c23 cm aBased on the author's thesis, University of London aBibliography: p. [281]-287 0aAssam (India)xHistory